| 000 | 00601nam a22001937a 4500 | ||
|---|---|---|---|
| 005 | 20240805145249.0 | ||
| 010 | _aENG-141196 | ||
| 020 |
_c349.00 _a9788196918828 |
||
| 035 | _aEN-124728 | ||
| 037 | _bDBAD | ||
| 082 |
_aS _21 |
||
| 100 |
_aKhanduja Harjeet _969480 |
||
| 245 | 0 | 0 |
_aThe Storytelling Leader: _cBy Harjeet Khanduja _bAnd Other Stories/ |
| 250 | _a1 | ||
| 260 |
_aMumbai _bKabdwal Book International |
||
| 270 |
_aPlot No. 179, D/42, Raigad CHS, Sector 1, Charkop, Kandivali(W) _bMumbai _e400067 _morder@kabdwalbook.com |
||
| 300 |
_a109p. _c22cm(pbk) |
||
| 942 |
_2ddc _cEN _mKHA _hS _e1 |
||
| 999 |
_c204834 _d204834 |
||